Normal view
MARC view
Entry Topical Term
001 - CONTROL NUMBER
- control field: 49730
003 - CONTROL NUMBER IDENTIFIER
- control field: ARRUPE
005 - DATE AND TIME OF LATEST TRANSACTION
- control field: 20200319105639.0
008 - FIXED-LENGTH DATA ELEMENTS
- fixed length control field: 200319|| aca||aabn | a|a d
040 ## - CATALOGING SOURCE
- Original cataloging agency: ARRUPE
- Transcribing agency: ARRUPE
150 ## - HEADING--TOPICAL TERM
- Topical term or geographic name as entry element: Race
- General subdivision: Religious aspects
- General subdivision: Methodist Church.
670 ## - SOURCE DATA FOUND
- Source citation: Work cat.: (ARRUPE)0: Lyght, Ernest S., 1934- 49727, Many faces, one church :, c2006.